[Event "17th EUR-ch"]
[Site "Gjakova KOS"]
[Date "2016.05.12"]
[Round "1.1"]
[White "Navara, David"]
[Black "Agopov, Mikael"]
[Result "1-0"]
[WhiteElo "2735"]
[BlackElo "2442"]
[EventDate "2016.05.12"]
[PlyCount "43"]

1.e4 c5 2.Nf3 d6 3.d4 cxd4 4.Nxd4 Nf6 5.Nc3 a6 6.Be2 e6 7.O-O Be7 8.f4 O-O
9.Kh1 Qc7 10.a4 Nc6 11.Be3 Re8 12.Bf3 Bf8 13.Qd2 Na5 14.b3 Bd7 15.Nde2 Bc6
16.Bd4 e5 17.Be3 b6 18.f5 Rad8 19.Ng3 d5 20.exd5 Bb7 21.Bg5 Bb4 22.Bxf6 
1-0

[Event "17th EUR-ch"]
[Site "Gjakova KOS"]
[Date "2016.05.12"]
[Round "1.2"]
[White "Kanmazalp, Ogulcan"]
[Black "Wojtaszek, Radoslaw"]
[Result "0-1"]
[WhiteElo "2442"]
[BlackElo "2722"]
[EventDate "2016.05.12"]
[PlyCount "76"]

1.e4 c5 2.Nf3 d6 3.d4 cxd4 4.Qxd4 Nf6 5.Bb5+ Bd7 6.c4 g6 7.O-O Bg7 8.Nc3 
O-O 9.Qd3 Bg4 10.h3 Bxf3 11.Qxf3 Nc6 12.Bxc6 bxc6 13.e5 Nd7 14.exd6 Ne5 
15.Qe2 exd6 16.Rd1 Qb6 17.b3 Rfe8 18.Be3 Qb4 19.Rac1 Nd7 20.Qd2 Nb6 21.Bd4
Bxd4 22.Qxd4 d5 23.Rd3 c5 24.Qf4 d4 25.Ne4 Nd7 26.Nd6 Re7 27.Rg3 Rf8 28.
Qh6 Re1+ 29.Kh2 Rxc1 30.Nf5 Rh1+ 31.Kxh1 Qe1+ 32.Kh2 Qe5 33.Nh4 Re8 34.f4 
Qf6 35.Nf3 Re3 36.Qg5 Qxg5 37.Rxg5 f5 38.Kg1 Nf6 0-1

[Event "17th EUR-ch"]
[Site "Gjakova KOS"]
[Date "2016.05.12"]
[Round "1.3"]
[White "Vitiugov, Nikita"]
[Black "Erdogdu, Mert"]
[Result "1-0"]
[WhiteElo "2721"]
[BlackElo "2439"]
[EventDate "2016.05.12"]
[PlyCount "57"]

1.Nf3 d5 2.d4 e6 3.c4 c5 4.cxd5 exd5 5.g3 Nc6 6.Bg2 Nf6 7.O-O Be7 8.dxc5 
Bxc5 9.a3 O-O 10.b4 Bb6 11.Nc3 Re8 12.Bb2 Bg4 13.Na4 Ne4 14.Rc1 Rc8 15.
Nxb6 axb6 16.Qd3 Nd6 17.Qxd5 Rxe2 18.Ba1 Qf8 19.Rfd1 Rd8 20.Qg5 f5 21.h3 
Ne4 22.Rxd8 Nxd8 23.Qf4 Bxf3 24.Qxf3 Rxf2 25.Qb3+ Kh8 26.Rc7 Re2 27.Bxg7+ 
Qxg7 28.Rxg7 Kxg7 29.Qd5 1-0

[Event "17th EUR-ch"]
[Site "Gjakova KOS"]
[Date "2016.05.12"]
[Round "1.4"]
[White "Korchmar, Vasiliy"]
[Black "Ponomariov, Ruslan"]
[Result "0-1"]
[WhiteElo "2437"]
[BlackElo "2715"]
[EventDate "2016.05.12"]
[PlyCount "60"]

1.d4 Nf6 2.c4 e6 3.g3 c5 4.d5 exd5 5.cxd5 d6 6.Nc3 g6 7.Bg2 Bg7 8.Nf3 O-O 
9.O-O Nbd7 10.Bf4 Qe7 11.a4 b6 12.h3 Nh5 13.Bg5 f6 14.Bd2 f5 15.Ng5 f4 16.
Ne6 fxg3 17.f4 Ndf6 18.Nxf8 Bxf8 19.e4 Ng4 20.hxg4 Qh4 21.Rf3 Bxg4 22.Kf1 
Bg7 23.Ke2 Rf8 24.Kd3 Bxf3 25.Bxf3 Nxf4+ 26.Kc2 g2 27.Bxf4 Rxf4 28.Bxg2 
Rf2+ 29.Kb3 Rxg2 30.Qf1 Qg3 0-1

[Event "17th EUR-ch"]
[Site "Gjakova KOS"]
[Date "2016.05.12"]
[Round "1.5"]
[White "Vallejo Pons, Francisco"]
[Black "Getz, Nicolai"]
[Result "1-0"]
[WhiteElo "2700"]
[BlackElo "2431"]
[EventDate "2016.05.12"]
[PlyCount "80"]

1.e4 e5 2.Nf3 Nc6 3.Bc4 Bc5 4.c3 Nf6 5.d3 a6 6.O-O Ba7 7.Bb3 d6 8.Nbd2 O-O
9.h3 Be6 10.Re1 Qd7 11.Nf1 h6 12.Ba4 b5 13.Bc2 Rfe8 14.Ng3 d5 15.exd5 Bxd5
16.Be3 Bxe3 17.Rxe3 Re7 18.Nh4 Be6 19.Qf3 Nd5 20.Ree1 g6 21.Ne4 Kg7 22.Qg3
Qe8 23.Nc5 Rd8 24.Nxa6 Bc8 25.Nc5 f5 26.d4 e4 27.f3 f4 28.Qh2 g5 29.fxe4 
gxh4 30.Rec1 Ne3 31.Qxf4 Nxc2 32.Rxc2 Qh5 33.Rf1 Kh7 34.e5 Rg8 35.Ne4 Qg6 
36.Nf6+ Kh8 37.Nxg8 Kxg8 38.Qf8+ Kh7 39.Rf6 Qh5 40.Rcf2 Be6 1-0

[Event "17th EUR-ch"]
[Site "Gjakova KOS"]
[Date "2016.05.12"]
[Round "1.6"]
[White "Codenotti, Marco"]
[Black "Ragger, Markus"]
[Result "0-1"]
[WhiteElo "2428"]
[BlackElo "2696"]
[EventDate "2016.05.12"]
[PlyCount "64"]

1.e4 c5 2.c3 d5 3.exd5 Qxd5 4.d4 Nf6 5.Nf3 e6 6.Be3 cxd4 7.cxd4 Bb4+ 8.Nc3
O-O 9.a3 Bxc3+ 10.bxc3 Qa5 11.Qb3 b6 12.Qb4 Nc6 13.Qxa5 Nxa5 14.Ne5 Bb7 
15.c4 Rac8 16.Rb1 Rfd8 17.f3 Ba6 18.Rb4 Ne8 19.c5 Bxf1 20.Rxf1 f6 21.Ng4 
h5 22.Nf2 Nc7 23.Ra4 Nc6 24.cxb6 axb6 25.Rc4 Nd5 26.Ke2 b5 27.Rc5 Nxe3 28.
Kxe3 Nxd4 29.Rfc1 Ra8 30.R1c3 Nf5+ 31.Ke2 b4 32.axb4 Ra2+ 0-1

[Event "17th EUR-ch"]
[Site "Gjakova KOS"]
[Date "2016.05.12"]
[Round "1.7"]
[White "Matlakov, Maxim"]
[Black "Yilmazyerli, Mert"]
[Result "1-0"]
[WhiteElo "2693"]
[BlackElo "2426"]
[EventDate "2016.05.12"]
[PlyCount "89"]

1.Nf3 g6 2.d4 Bg7 3.c4 d6 4.g3 Nd7 5.Bg2 e5 6.Nc3 exd4 7.Nxd4 Ne7 8.O-O 
O-O 9.Bf4 Nb6 10.c5 dxc5 11.Ndb5 c6 12.Nc7 Rb8 13.Ne8 Rxe8 14.Qxd8 Rxd8 
15.Bxb8 Bg4 16.Bxa7 Nd7 17.Rfd1 Ra8 18.Rxd7 Bxd7 19.Bxc5 Nd5 20.Nxd5 cxd5 
21.Rd1 Bxb2 22.Bxd5 Bc6 23.Bb3 Bf6 24.f3 Ba4 25.Kf2 Bxb3 26.axb3 Rc8 27.b4
Rc7 28.f4 Be7 29.Bxe7 Rxe7 30.Rd6 Rc7 31.Kf3 Kg7 32.e3 Re7 33.b5 Rc7 34.h3
Rc5 35.Rb6 Rc7 36.g4 Rd7 37.h4 Kg8 38.f5 Kf8 39.Kf4 gxf5 40.gxf5 Kg7 41.
Kg5 Kf8 42.Kf6 Re7 43.h5 h6 44.e4 Rd7 45.e5 1-0

[Event "17th EUR-ch"]
[Site "Gjakova KOS"]
[Date "2016.05.12"]
[Round "1.8"]
[White "Dragnev, Valentin"]
[Black "Fressinet, Laurent"]
[Result "0-1"]
[WhiteElo "2423"]
[BlackElo "2692"]
[EventDate "2016.05.12"]
[PlyCount "81"]

1.e4 c5 2.Nf3 Nc6 3.d4 cxd4 4.Nxd4 Nf6 5.Nc3 e5 6.Ndb5 d6 7.Bg5 a6 8.Na3 
b5 9.Nd5 Be7 10.Bxf6 Bxf6 11.c4 b4 12.Nc2 O-O 13.g3 Bg5 14.h4 Bh6 15.Bh3 
Be6 16.Kf1 Qa5 17.Kg2 Qc5 18.Qd3 a5 19.Nde3 Bxe3 20.Nxe3 Nd4 21.b3 a4 22.
Nc2 Nxc2 23.Qxc2 d5 24.Bxe6 fxe6 25.exd5 exd5 26.Rhe1 Kh8 27.Qe2 dxc4 28.
bxc4 h6 29.Rad1 Rac8 30.Rd5 Qxc4 31.Qxc4 Rxc4 32.Rdxe5 Rc2 33.R1e2 Rxe2 
34.Rxe2 Kg8 35.f4 h5 36.Kf3 Rb8 37.Rd2 Kf7 38.Ke4 b3 39.axb3 axb3 40.Rb2 
Ke6 41.Kd4 0-1

[Event "17th EUR-ch"]
[Site "Gjakova KOS"]
[Date "2016.05.12"]
[Round "1.9"]
[White "Kryvoruchko, Yuriy"]
[Black "Thorfinnsson, Bjorn"]
[Result "1/2-1/2"]
[WhiteElo "2691"]
[BlackElo "2410"]
[EventDate "2016.05.12"]
[PlyCount "71"]

1.e4 e5 2.Nf3 Nc6 3.Bc4 Nf6 4.d3 Be7 5.O-O d6 6.a4 Be6 7.Bxe6 fxe6 8.c3 
Qd7 9.b4 O-O 10.Re1 a6 11.Na3 b5 12.Bd2 Nh5 13.c4 bxc4 14.dxc4 Rfb8 15.b5 
Nd8 16.c5 axb5 17.Nxb5 Nf6 18.Rc1 Nc6 19.cxd6 cxd6 20.Qb3 Na7 21.Rb1 Nxb5 
22.axb5 Rb7 23.Ng5 Rab8 24.Nxe6 Rxb5 25.Qa2 Kh8 26.Rxb5 Qxb5 27.Ng5 h6 28.
Nf7+ Kh7 29.Nxh6 Nxe4 30.Nf5 Qd3 31.Be3 Bf6 32.Qf7 Rb1 33.Qh5+ Kg8 34.Qe8+
Kh7 35.Qh5+ Kg8 36.Qe8+ 1/2-1/2

[Event "17th EUR-ch"]
[Site "Gjakova KOS"]
[Date "2016.05.12"]
[Round "1.10"]
[White "Birnboim, Nathan"]
[Black "Hammer, Jon Ludvig"]
[Result "0-1"]
[WhiteElo "2367"]
[BlackElo "2689"]
[EventDate "2016.05.12"]
[PlyCount "110"]

1.d4 e6 2.e4 d5 3.Nd2 a6 4.Bd3 c5 5.Ngf3 c4 6.Be2 b5 7.exd5 exd5 8.Nf1 Bd6
9.Bg5 f6 10.Bh4 Ne7 11.Bg3 O-O 12.c3 Nbc6 13.Bxd6 Qxd6 14.Ne3 f5 15.O-O f4
16.Nc2 Bf5 17.Qd2 Be4 18.Nce1 Rab8 19.b4 a5 20.bxa5 Ra8 21.Qb2 Rxa5 22.a3 
Rfa8 23.Nd2 Bf5 24.Nef3 Rxa3 25.Rxa3 Qxa3 26.Qxb5 Qxc3 27.Nxc4 dxc4 28.d5 
Qb4 29.Qxc4 Qxc4 30.Bxc4 Nb4 31.d6+ Ned5 32.Nd4 Bd7 33.Rb1 Kf8 34.g3 Rc8 
35.Bb3 Nc3 36.Ne6+ Bxe6 37.Bxe6 Nxb1 38.Bxc8 fxg3 39.hxg3 Nc3 40.Kg2 Nb5 
41.Bf5 h6 42.d7 Ke7 43.Kf3 Nd5 44.Kg4 Nf6+ 45.Kh3 Nd4 46.Bd3 Nxd7 47.Kg2 
Kf6 48.Bc4 Ne5 49.Ba2 Nd3 50.Bd5 Ke5 51.Bb7 Ne6 52.Bc6 Kd4 53.Bb7 Nec5 54.
Bc6 Ne4 55.f3 Ne1+ 0-1

[Event "17th EUR-ch"]
[Site "Gjakova KOS"]
[Date "2016.05.12"]
[Round "1.11"]
[White "Sargissian, Gabriel"]
[Black "Gaehwiler, Gabriel"]
[Result "1/2-1/2"]
[WhiteElo "2689"]
[BlackElo "2352"]
[EventDate "2016.05.12"]
[PlyCount "142"]

1.Nf3 Nf6 2.c4 b6 3.d4 Bb7 4.Nc3 g6 5.Bg5 Bg7 6.Qc2 O-O 7.e3 c5 8.d5 a6 9.
e4 d6 10.a4 e6 11.Be2 exd5 12.cxd5 h6 13.Bh4 g5 14.Bg3 Nh5 15.Nd2 Nf4 16.
O-O Nd7 17.Nc4 Ne5 18.Nxe5 Bxe5 19.Nd1 Bd4 20.Bg4 h5 21.Bf5 h4 22.Bxf4 
gxf4 23.Ra3 Qg5 24.Kh1 Kg7 25.Nc3 Be5 26.Ne2 Rh8 27.Ng1 Bc8 28.Bxc8 Raxc8 
29.Rb3 Rb8 30.Qe2 b5 31.axb5 axb5 32.Rxb5 Rxb5 33.Qxb5 Qf6 34.Nf3 Bxb2 35.
h3 Bd4 36.Qd7 Qg6 37.Qe7 Qf6 38.Qd7 Qg6 39.Kg1 Qxe4 40.Re1 Qg6 41.Nxd4 
cxd4 42.Qa4 Rh5 43.Qxd4+ Qf6 44.Qd1 f3 45.Re3 Rf5 46.Rxf3 Rxf3 47.gxf3 Qf4
48.Qd3 Kf6 49.Qc3+ Qe5 50.Qc4 Kg7 51.Kg2 Qg5+ 52.Kf1 Qf6 53.Qg4+ Kf8 54.
Kg2 Qe5 55.Qxh4 Qxd5 56.Qh8+ Ke7 57.Qg7 Qf5 58.Qg4 Qf6 59.h4 Kf8 60.f4 d5 
61.Qg5 Qc6 62.f5 d4+ 63.Kg3 f6 64.Qh6+ Kg8 65.Qg6+ Kf8 66.h5 Qd6+ 67.f4 
Qe7 68.h6 Qe3+ 69.Kg2 Qe2+ 70.Kg3 Qe3+ 71.Kg2 Qe2+ 1/2-1/2

[Event "17th EUR-ch"]
[Site "Gjakova KOS"]
[Date "2016.05.12"]
[Round "1.12"]
[White "Kerigan, Demre"]
[Black "Inarkiev, Ernesto"]
[Result "0-1"]
[WhiteElo "2342"]
[BlackElo "2686"]
[EventDate "2016.05.12"]
[PlyCount "40"]

1.e4 c5 2.Nf3 e6 3.b3 b6 4.Bd3 Bb7 5.O-O d6 6.Re1 Nd7 7.c4 Qf6 8.Nc3 g5 9.
e5 Bxf3 10.gxf3 Nxe5 11.Be4 Rd8 12.d4 cxd4 13.Nb5 Ne7 14.Nc7+ Kd7 15.Nb5 
N7c6 16.Bb2 Bg7 17.Kh1 Qf4 18.a4 f5 19.Bxc6+ Nxc6 20.Bc1 Qh4 0-1

[Event "17th EUR-ch"]
[Site "Gjakova KOS"]
[Date "2016.05.12"]
[Round "1.13"]
[White "Cheparinov, Ivan"]
[Black "Atakisi, Umut"]
[Result "1-0"]
[WhiteElo "2685"]
[BlackElo "2330"]
[EventDate "2016.05.12"]
[PlyCount "107"]

1.d4 d5 2.c4 c6 3.Nf3 Nf6 4.Nc3 dxc4 5.a4 Bf5 6.Ne5 Nbd7 7.Nxc4 Nb6 8.Ne5 
a5 9.e3 Nbd7 10.Nc4 Qc7 11.Qf3 Bg6 12.e4 e5 13.dxe5 Nxe5 14.Qf4 Nfd7 15.
Be2 f6 16.O-O Nb6 17.Ne3 Bd6 18.Nf5 Bxf5 19.Qxf5 O-O 20.f4 Bc5+ 21.Kh1 
Ned7 22.Bd3 Rae8 23.Qh3 g6 24.e5 Bb4 25.e6 Nc5 26.f5 Nxd3 27.Qxd3 Rd8 28.
Qh3 g5 29.Bxg5 fxg5 30.f6 Kh8 31.Rae1 Nd5 32.Nxd5 cxd5 33.Rd1 Qe5 34.Qh6 
Rg8 35.e7 Bxe7 36.fxe7 Qxe7 37.Qb6 Rgf8 38.Qd4+ Qg7 39.Rxf8+ Rxf8 40.Qxd5 
Qxb2 41.Qxg5 Qd4 42.Qc1 Qxa4 43.h3 Qb5 44.Qc3+ Kg8 45.Rd3 Rf6 46.Rd8+ Kg7 
47.Qg3+ Rg6 48.Qc7+ Kh6 49.Qf4+ Kh5 50.g4+ Kh4 51.g5+ Kxh3 52.Qf3+ Kh4 53.
Rd4+ Kxg5 54.Qf4+ 1-0

[Event "17th EUR-ch"]
[Site "Gjakova KOS"]
[Date "2016.05.12"]
[Round "1.14"]
[White "Fejzullahu, Afrim"]
[Black "Fedoseev, Vladimir"]
[Result "0-1"]
[WhiteElo "2319"]
[BlackElo "2685"]
[EventDate "2016.05.12"]
[PlyCount "52"]

1.e4 c6 2.d4 d5 3.Nc3 a6 4.e5 Bf5 5.Nf3 e6 6.Be2 c5 7.O-O Nc6 8.Be3 cxd4 
9.Nxd4 Nge7 10.Nxf5 Nxf5 11.Bf4 g5 12.Bd2 Nxe5 13.g4 Nd4 14.f4 gxf4 15.
Bxf4 Bg7 16.Kh1 Nxe2 17.Qxe2 Ng6 18.Bg3 O-O 19.Rad1 Qb6 20.Rd3 Rac8 21.Nd1
Rc4 22.c3 Re4 23.Re3 f5 24.gxf5 exf5 25.Qd3 Qc6 26.Rxe4 dxe4 0-1

[Event "17th EUR-ch"]
[Site "Gjakova KOS"]
[Date "2016.05.12"]
[Round "1.16"]
[White "Nazarko, Shpetim"]
[Black "Piorun, Kacper"]
[Result "0-1"]
[WhiteElo "2292"]
[BlackElo "2681"]
[EventDate "2016.05.12"]
[PlyCount "98"]

1.Nf3 f5 2.d4 Nf6 3.c4 g6 4.Nc3 Bg7 5.g3 O-O 6.Bg2 d6 7.O-O c6 8.Rb1 Kh8 
9.b4 Be6 10.d5 cxd5 11.cxd5 Bg8 12.Be3 Na6 13.Qb3 Qd7 14.h3 Nc7 15.Nd4 Nh5
16.Ne6 Nxe6 17.dxe6 Bxe6 18.Bd5 Bxd5 19.Nxd5 e6 20.Nf4 Nxf4 21.Bxf4 e5 22.
Bc1 d5 23.Bb2 d4 24.Rbc1 f4 25.g4 Rac8 26.b5 e4 27.Rxc8 Rxc8 28.Rc1 Rxc1+ 
29.Bxc1 e3 30.Qd3 Qc7 31.Bb2 Qe5 32.f3 Qf6 33.a4 h6 34.a5 Kh7 35.a6 bxa6 
36.bxa6 Qh4 37.Ba3 Qg3+ 38.Kh1 Qxh3+ 39.Kg1 Qg3+ 40.Kh1 h5 41.gxh5 Qh4+ 
42.Kg2 Qg5+ 43.Kh1 Qxh5+ 44.Kg2 Qg5+ 45.Kh1 Bf6 46.Qc4 d3 47.Qxd3 Qh4+ 48.
Kg2 Qg3+ 49.Kh1 Qh3+ 0-1

[Event "17th EUR-ch"]
[Site "Gjakova KOS"]
[Date "2016.05.12"]
[Round "1.17"]
[White "Korobov, Anton"]
[Black "Ermeni, Avni"]
[Result "1-0"]
[WhiteElo "2674"]
[BlackElo "2280"]
[EventDate "2016.05.12"]
[PlyCount "53"]

1.Nf3 d5 2.d4 e6 3.c4 c5 4.cxd5 exd5 5.Nc3 Nc6 6.g3 Nf6 7.Bg2 Be7 8.O-O 
O-O 9.dxc5 Bxc5 10.a3 a6 11.b4 Be7 12.Bb2 Re8 13.Rc1 Bf8 14.e3 h6 15.Ne2 
Ne4 16.Nf4 Be6 17.Nd2 Bf5 18.Nb3 Ne7 19.Nc5 b6 20.Nb3 Rc8 21.Qe2 Rxc1 22.
Rxc1 Qa8 23.Nd4 Bd7 24.Rc7 Ba4 25.h4 Qb8 26.Rxe7 Bxe7 27.Nf5 1-0

[Event "17th EUR-ch"]
[Site "Gjakova KOS"]
[Date "2016.05.12"]
[Round "1.18"]
[White "Saraci, Nderim"]
[Black "Howell, David"]
[Result "1/2-1/2"]
[WhiteElo "2275"]
[BlackElo "2671"]
[EventDate "2016.05.12"]
[PlyCount "42"]

1.e4 e6 2.d4 d5 3.Nc3 Nf6 4.e5 Nfd7 5.f4 c5 6.Nf3 Be7 7.Be3 O-O 8.Qd2 a6 
9.Be2 b5 10.dxc5 Nxc5 11.a3 Bb7 12.O-O Qc7 13.Nd4 Nbd7 14.b4 Na4 15.Nxa4 
bxa4 16.Rac1 Qd8 17.Rfd1 Nb6 18.f5 Rc8 19.fxe6 f5 20.exf6 Bxf6 21.c3 Re8 
1/2-1/2

[Event "17th EUR-ch"]
[Site "Gjakova KOS"]
[Date "2016.05.12"]
[Round "1.19"]
[White "Nisipeanu, Liviu-Dieter"]
[Black "Gavrilescu, David"]
[Result "1-0"]
[WhiteElo "2669"]
[BlackElo "2271"]
[EventDate "2016.05.12"]
[PlyCount "137"]

1.Nf3 d5 2.b3 Bg4 3.e3 Nd7 4.Bb2 e6 5.h3 Bh5 6.d3 c6 7.Nbd2 h6 8.Be2 Ngf6 
9.O-O Qc7 10.c4 Be7 11.cxd5 cxd5 12.Rc1 Qb6 13.Bd4 Qa6 14.Ne5 Bxe2 15.Qxe2
Nxe5 16.Bxe5 O-O 17.Rc7 Bd8 18.Rc2 Nd7 19.Bg3 b6 20.Nf3 Bf6 21.Rfc1 Rfc8 
22.Bd6 g6 23.Qd2 Bg7 24.Rc6 Rxc6 25.Rxc6 Nc5 26.Qc2 Nxd3 27.b4 Rd8 28.Nd4 
e5 29.b5 Qa5 30.Qxd3 exd4 31.exd4 Qxa2 32.Bf4 Re8 33.Be3 Re7 34.g3 Kh7 35.
h4 h5 36.Kg2 Qa4 37.g4 hxg4 38.h5 Re4 39.hxg6+ fxg6 40.Qb1 Qa3 41.Qh1+ Kg8
42.Rxg6 Qf8 43.Kg1 Qf3 44.Qh6 Re7 45.Qg5 Rd7 46.Qh4 Qd1+ 47.Kh2 Qe2 48.Qf6
Rf7 49.Qe6 Qf3 50.Rxg4 Qf5 51.Qxf5 Rxf5 52.Rg6 Rh5+ 53.Kg2 Rh4 54.Rg5 Kf7 
55.Rxd5 Ke6 56.Rd8 Rh5 57.Ra8 Rd5 58.Kf3 Bxd4 59.Ke4 Bxe3 60.Re8+ Kd7 61.
Kxd5 Kxe8 62.fxe3 Kd7 63.e4 Kc7 64.e5 Kd7 65.e6+ Ke7 66.Ke5 Ke8 67.Kd6 Kd8
68.e7+ Ke8 69.Ke6 1-0

[Event "17th EUR-ch"]
[Site "Gjakova KOS"]
[Date "2016.05.12"]
[Round "1.20"]
[White "Makolli, Perparim"]
[Black "Laznicka, Viktor"]
[Result "0-1"]
[WhiteElo "2261"]
[BlackElo "2668"]
[EventDate "2016.05.12"]
[PlyCount "82"]

1.e4 c5 2.Nf3 d6 3.d4 cxd4 4.Nxd4 Nf6 5.Nc3 a6 6.Be2 e6 7.O-O Be7 8.f4 Qc7
9.Be3 O-O 10.Qe1 b5 11.a3 Bb7 12.Bf3 Nbd7 13.Rd1 Rfe8 14.Qg3 Nc5 15.e5 
Nfe4 16.Nxe4 Nxe4 17.Bxe4 Bxe4 18.c3 Rad8 19.f5 exf5 20.Nxf5 Bxf5 21.Rxf5 
dxe5 22.Rdf1 f6 23.Kh1 Rd3 24.R5f3 Bd8 25.Qg4 Qc4 26.Qh5 g6 27.Qh6 f5 28.
Rh3 Qf7 29.Rhf3 f4 30.Bg1 Rxf3 31.gxf3 Qf5 32.Kg2 Bg5 33.Qh3 Rd8 34.Qxf5 
gxf5 35.Re1 Rd2+ 36.Kf1 Bf6 37.Re2 Rd3 38.Kg2 e4 39.Kf1 Rxf3+ 40.Rf2 Rxf2+
41.Bxf2 f3 0-1

[Event "17th EUR-ch"]
[Site "Gjakova KOS"]
[Date "2016.05.12"]
[Round "1.21"]
[White "Areschenko, Alexander"]
[Black "Smolin, Sergey"]
[Result "1-0"]
[WhiteElo "2667"]
[BlackElo "2260"]
[EventDate "2016.05.12"]
[PlyCount "53"]

1.e4 g6 2.d4 Bg7 3.Nc3 d5 4.exd5 Nf6 5.Bc4 Nbd7 6.Nf3 O-O 7.O-O Nb6 8.Bb3 
Nbxd5 9.Re1 c6 10.h3 Qc7 11.Nxd5 cxd5 12.Ne5 Be6 13.Bf4 Qb6 14.c3 Rfd8 15.
Nd3 Nd7 16.Qf3 Rac8 17.Re3 Nf6 18.Nc5 Bf5 19.Rxe7 Be4 20.Nxe4 dxe4 21.Qe2 
Bf8 22.Rxf7 Nd5 23.Qxe4 Qc6 24.Rf6 Qd7 25.Bd6 Bxd6 26.Bxd5+ Kg7 27.Rf7+ 
1-0

[Event "17th EUR-ch"]
[Site "Gjakova KOS"]
[Date "2016.05.12"]
[Round "1.23"]
[White "Moiseenko, Olexandr"]
[Black "Lind, Jan-Olov"]
[Result "1-0"]
[WhiteElo "2663"]
[BlackElo "2240"]
[EventDate "2016.05.12"]
[PlyCount "53"]

1.d4 Nf6 2.c4 g6 3.Nc3 Bg7 4.e4 d6 5.f3 O-O 6.Be3 c5 7.Nge2 Nc6 8.d5 Ne5 
9.Ng3 e6 10.Be2 exd5 11.cxd5 Ne8 12.f4 Nd7 13.O-O Nc7 14.a4 a6 15.Qd2 Rb8 
16.e5 dxe5 17.f5 b6 18.Bg5 Nf6 19.Rad1 Nce8 20.d6 Qd7 21.h4 Bb7 22.Bc4 Rd8
23.fxg6 hxg6 24.Qe2 Ra8 25.h5 Nxh5 26.Nxh5 gxh5 27.Be7 1-0

[Event "17th EUR-ch"]
[Site "Gjakova KOS"]
[Date "2016.05.12"]
[Round "1.24"]
[White "Tifferet, Shaked"]
[Black "Dreev, Alexei"]
[Result "0-1"]
[WhiteElo "2230"]
[BlackElo "2662"]
[EventDate "2016.05.12"]
[PlyCount "62"]

1.Nf3 d5 2.e3 Nf6 3.c4 c6 4.Nc3 e6 5.b3 Bd6 6.Bb2 O-O 7.Be2 b6 8.O-O Bb7 
9.d4 Nbd7 10.Rc1 Re8 11.Rc2 Qe7 12.Qa1 Rad8 13.Rd1 Nf8 14.Ne5 Ng6 15.Nxg6 
hxg6 16.a3 dxc4 17.Bxc4 Ng4 18.h3 Nh6 19.Rcd2 Nf5 20.Be2 Bb8 21.Bf3 Nh4 
22.Be2 Qg5 23.g4 c5 24.d5 exd5 25.Nxd5 Rxd5 26.Rxd5 Bxd5 27.Bxg7 Be5 28.
Bxe5 Qxe5 29.Qxe5 Rxe5 30.f4 Rxe3 31.Kf2 Rxe2+ 0-1

[Event "17th EUR-ch"]
[Site "Gjakova KOS"]
[Date "2016.05.12"]
[Round "1.25"]
[White "Postny, Evgeny"]
[Black "Sahitaj, Naim"]
[Result "1-0"]
[WhiteElo "2662"]
[BlackElo "2219"]
[EventDate "2016.05.12"]
[PlyCount "91"]

1.d4 Nf6 2.c4 g6 3.Nc3 Bg7 4.e4 d6 5.Nf3 O-O 6.h3 e5 7.d5 a5 8.g4 Na6 9.
Be3 Nc5 10.Nd2 Ne8 11.h4 f5 12.g5 f4 13.Bxc5 dxc5 14.Qf3 Nd6 15.Bh3 Bxh3 
16.Rxh3 a4 17.O-O-O Qd7 18.h5 Rfb8 19.Rdh1 Kf7 20.Qd3 Qe7 21.Nf3 Rg8 22.
Nb1 Ke8 23.Nbd2 Kd8 24.hxg6 hxg6 25.Rh7 Nf7 26.Qf1 Ra6 27.Nb1 Kc8 28.Nc3 
Kb8 29.Qd1 Qe8 30.Nb5 Nd6 31.Nxd6 Rxd6 32.Nd2 Ra6 33.R1h3 Bf8 34.Rh8 Bg7 
35.R8h7 Bf8 36.Nb1 Be7 37.Nc3 Bxg5 38.Nb5 Be7 39.Qg4 Bd6 40.Rd7 Rb6 41.
Rhh7 Qc8 42.Qg5 Rxb5 43.cxb5 Ka7 44.Qf6 Qe8 45.b6+ Kxb6 46.Rxc7 1-0

[Event "17th EUR-ch"]
[Site "Gjakova KOS"]
[Date "2016.05.12"]
[Round "1.26"]
[White "Salihu, Sami"]
[Black "Jobava, Baadur"]
[Result "0-1"]
[WhiteElo "2212"]
[BlackElo "2661"]
[EventDate "2016.05.12"]
[PlyCount "84"]

1.d4 Nf6 2.Nf3 g6 3.Bf4 Bg7 4.Qc1 c5 5.c3 cxd4 6.cxd4 Nc6 7.Nc3 d5 8.Bh6 
Bxh6 9.Qxh6 Qb6 10.O-O-O Bf5 11.Nh4 Rc8 12.Nxf5 gxf5 13.Kb1 Na5 14.Ka1 Nc4
15.Rb1 Qxd4 16.e3 Qe5 17.Bxc4 Rxc4 18.f4 Qc7 19.Nb5 Qa5 20.Nd6+ exd6 21.
Qxf6 Rg8 22.Qxd6 Rxg2 23.Rhg1 Rg6 24.Qe5+ Kf8 25.Qb8+ Ke7 26.Rxg6 hxg6 27.
Qxb7+ Kf6 28.Qb8 Re4 29.Qb3 Qc5 30.Qd1 Kg7 31.h4 Qxe3 32.Qxd5 Qxf4 33.h5 
Qe5 34.h6+ Kxh6 35.Qxf7 Re1 36.a3 Qe7 37.Qxe7 Rxe7 38.b4 f4 39.b5 g5 40.
Kb2 g4 41.Kc3 g3 42.Kd2 g2 0-1

[Event "17th EUR-ch"]
[Site "Gjakova KOS"]
[Date "2016.05.12"]
[Round "1.27"]
[White "Jones, Gawain"]
[Black "Van Hoolandt, Patrick"]
[Result "1-0"]
[WhiteElo "2657"]
[BlackElo "2209"]
[EventDate "2016.05.12"]
[PlyCount "173"]

1.e4 e5 2.Nf3 Nc6 3.d4 exd4 4.Nxd4 Nf6 5.Nxc6 bxc6 6.Qe2 Bc5 7.e5 Nd5 8.c4
Ne7 9.Be3 Bxe3 10.Qxe3 d5 11.exd6 Qxd6 12.Nc3 O-O 13.Bd3 Nf5 14.Bxf5 Bxf5 
15.O-O Rfe8 16.Qf3 Qe6 17.h3 Be4 18.Nxe4 Qxe4 19.Qc3 Qe5 20.Qxe5 Rxe5 21.
Rfd1 Kf8 22.Rd7 Re7 23.Rxe7 Kxe7 24.Re1+ Kd7 25.Rd1+ Ke7 26.Re1+ Kd7 27.
Re5 a5 28.b3 a4 29.b4 a3 30.c5 Ra4 31.Re4 f5 32.Rd4+ Ke6 33.f4 Ra8 34.Kf2 
g6 35.Ke2 h6 36.Kd2 g5 37.Ke3 Re8 38.Kf3 Rb8 39.g3 Ra8 40.Rd3 Rb8 41.Rd4 
Ra8 42.Ke3 Re8 43.Rd3 Rb8 44.Rd4 Rg8 45.g4 Re8 46.Kf3 Rb8 47.gxf5+ Kxf5 
48.Re4 Kf6 49.Ke3 Rg8 50.fxg5+ hxg5 51.Kd2 Kf5 52.Re3 Rd8+ 53.Kc2 Ra8 54.
Kb3 Kf6 55.Rf3+ Ke6 56.Rf1 Rh8 57.Rf3 Ra8 58.Rg3 Kf6 59.Re3 Kf7 60.Rd3 Ke7
61.Kc2 Ra4 62.Rd4 Ra8 63.h4 gxh4 64.Rxh4 Ke6 65.Kb3 Ra7 66.Rh7 Ke5 67.Kc3 
Rb7 68.Kc4 Ke6 69.Rh8 Ra7 70.Rb8 Ra4 71.Rd8 Ke7 72.Rg8 Ke6 73.Rg7 Ra7 74.
Kb3 Kf6 75.Rg3 Ke6 76.b5 cxb5 77.Kb4 Rb7 78.Rd3 Rb8 79.Rd1 Ke7 80.c6 Rb6 
81.Kc5 b4 82.Rd7+ Ke8 83.Rxc7 b3 84.Rh7 b2 85.c7 Rb5+ 86.Kc4 Rb4+ 87.Kc3 
1-0

[Event "17th EUR-ch"]
[Site "Gjakova KOS"]
[Date "2016.05.12"]
[Round "1.28"]
[White "Mehaj, Driton"]
[Black "Swiercz, Dariusz"]
[Result "0-1"]
[WhiteElo "2204"]
[BlackElo "2656"]
[EventDate "2016.05.12"]
[PlyCount "152"]

1.d4 Nf6 2.Nf3 g6 3.g3 Bg7 4.Bg2 c5 5.O-O cxd4 6.Nxd4 Nc6 7.c4 O-O 8.Nc3 
Qa5 9.Nc2 d6 10.Bd2 Qh5 11.Ne3 Bh3 12.Ned5 Nxd5 13.Nxd5 Bxg2 14.Kxg2 b5 
15.Nf4 Qf5 16.cxb5 Qxb5 17.Bc3 Bxc3 18.bxc3 Rab8 19.a4 Qc5 20.Qd5 Qxd5+ 
21.Nxd5 Rb2 22.e3 e6 23.Nb4 Nxb4 24.cxb4 Rxb4 25.Rfc1 Rfb8 26.a5 R4b7 27.
a6 Rd7 28.Rab1 Rxb1 29.Rxb1 Kf8 30.Kf3 d5 31.Rb8+ Ke7 32.g4 e5 33.Ke2 Ke6 
34.Rb7 Kd6 35.Rb8 Rc7 36.Kd2 h6 37.h4 Ke6 38.Rb7 Rd7 39.Kd3 h5 40.gxh5 
gxh5 41.f3 f6 42.Ke2 Kd6 43.Rb8 Rc7 44.Ra8 Ke6 45.Re8+ Kf5 46.Rd8 Rc6 47.
Rxd5 Rxa6 48.Kf2 Ke6 49.Rd8 Rd6 50.Ra8 a6 51.e4 Rb6 52.Rh8 a5 53.Ra8 Rb2+ 
54.Kg3 Ra2 55.Ra6+ Kf7 56.Ra7+ Kg6 57.Kh3 a4 58.Kg3 Ra1 59.Kg2 a3 60.Kh2 
a2 61.Kg2 Kh6 62.Ra6 Kg7 63.Ra7+ Kf8 64.Ra8+ Ke7 65.Ra7+ Kd6 66.Ra6+ Kc5 
67.Ra5+ Kb4 68.Ra8 Kb3 69.Rb8+ Kc3 70.Rc8+ Kd3 71.Rd8+ Ke3 72.Ra8 Rd1 73.
Ra3+ Rd3 74.Ra6 Rd2+ 75.Kg3 Rc2 76.Ra8 Kd2 0-1

[Event "17th EUR-ch"]
[Site "Gjakova KOS"]
[Date "2016.05.12"]
[Round "1.29"]
[White "Bartel, Mateusz"]
[Black "Xheladini, Mahmut"]
[Result "1-0"]
[WhiteElo "2653"]
[BlackElo "2199"]
[EventDate "2016.05.12"]
[PlyCount "49"]

1.d4 Nc6 2.Nf3 d6 3.e4 a6 4.Nc3 Bg4 5.Be3 Nf6 6.Be2 e5 7.d5 Nb8 8.Nd2 Qc8 
9.f3 Bh5 10.a4 Nbd7 11.a5 c6 12.Nc4 Qc7 13.Nb6 Nxb6 14.axb6 Qc8 15.dxc6 
bxc6 16.Qd3 Nd7 17.Rxa6 Rxa6 18.Qxa6 Qxa6 19.Bxa6 Be7 20.Bb7 Nb8 21.O-O 
Kd7 22.Ra1 f6 23.Ra7 Ke6 24.Nd5 Bd8 25.Bc8+ 1-0

[Event "17th EUR-ch"]
[Site "Gjakova KOS"]
[Date "2016.05.12"]
[Round "1.30"]
[White "Sadiku, Bedri"]
[Black "Saric, Ivan"]
[Result "0-1"]
[WhiteElo "2196"]
[BlackElo "2650"]
[EventDate "2016.05.12"]
[PlyCount "52"]

1.Nf3 d5 2.b3 Bg4 3.Bb2 Bxf3 4.exf3 e6 5.d4 Ne7 6.Bd3 g6 7.Nc3 Bg7 8.Ne2 
c5 9.O-O O-O 10.Qc1 cxd4 11.Bxd4 Bxd4 12.Nxd4 Nbc6 13.Nxc6 Nxc6 14.f4 Qf6 
15.Qd2 Rac8 16.a3 Rc7 17.Rab1 Nd4 18.a4 Rc3 19.Kh1 Rfc8 20.Rb2 Nc6 21.b4 
Ra3 22.Rb3 Rxb3 23.cxb3 Qd4 24.Rc1 Rd8 25.b5 Nb4 26.Rc3 Na2 0-1

[Event "17th EUR-ch"]
[Site "Gjakova KOS"]
[Date "2016.05.12"]
[Round "1.33"]
[White "Zhigalko, Sergei"]
[Black "Gal, Moshe"]
[Result "1-0"]
[WhiteElo "2647"]
[BlackElo "2173"]
[EventDate "2016.05.12"]
[PlyCount "73"]

1.e4 c5 2.Nf3 g6 3.c3 Bg7 4.d4 cxd4 5.cxd4 d5 6.e5 Bg4 7.Bb5+ Nc6 8.Bxc6+ 
bxc6 9.Nbd2 f6 10.Qa4 Bd7 11.Qa3 Nh6 12.O-O O-O 13.Re1 fxe5 14.Nxe5 Ng4 
15.Ndf3 Nxe5 16.Nxe5 Be8 17.Bg5 Bf6 18.Bh6 Bg7 19.Bxg7 Kxg7 20.Nf3 e5 21.
Rxe5 Qf6 22.Re7+ Kg8 23.Rae1 Bf7 24.h4 a5 25.R1e5 Rab8 26.b3 a4 27.Qxa4 
Ra8 28.Ra7 Rxa7 29.Qxa7 Be6 30.Re2 h6 31.Ne5 Qxh4 32.Nxg6 Qh5 33.Qe7 Qxe2 
34.Qxf8+ Kh7 35.Nf4 Qe1+ 36.Kh2 Bg8 37.Qf5+ 1-0